000 00560nam a2200181Ia 4500
008 090124s9999 xx 000 0 und d
082 _b6295
_a229
100 _aगोखले बाबुराव
245 _a पेल्यांतील वादळ
250 _a1
260 _c1942
300 _a90
600 _aगोखले बाबुराव
630 _a पेल्यांतील वादळ
700 _aगोखले बाबुराव
730 _a पेल्यांतील वादळ
942 _cBOOK
999 _c120236
_d120236